01042nab a22002177a 4500003000400000005001700004008004100021040000700062100002300069245011200092260007300204300001500277500003700292505016700329505008100496650001800577650004000595650001300635650002700648773014900675OSt20260213123852.0190429b xxu||||| |||| 00| 0 spa d cPJ aVaninetti, Hugo A.10aConductas contra la integridad sexual en el metaverso. Los desafíos que se avecinan /cHugo A. Vaninetti. cCiudad Autónoma de Buenos Aires :aThomson Reuters La Ley, b2024. ap. 179-192 aCita: TR LALEY AR/DOC/1953/2023. aSumario: I. Introducción. — II. Conceptos introductorios. Realidad virtual, realidad aumentada y realidad mixta. — III. Metaverso. — IV. Palabras finales. tSi te interesa el texto completo, solicitalo a koha@justierradelfuego.gov.ar 0aDERECHO PENAL 0aDELITOS CONTRA LA INTEGRIDAD SEXUAL 0aINTERNET 0aCIENCIA Y TECNOLOGÍA0 02658tRevista de derecho penal y criminología. Nº 7 - Junio 2024dCiudad Autónoma de Buenos Aires : Thomson Reuters La Ley, 2017-x00347914